000 01160cam a22002775a 4500
001 16063859
005 20151206155210.0
008 100121t2010 njua frb 001 0 eng d
020 _a9780321605788 (pbk. : alk. paper)
020 _a0321605780
040 _aDLC
_cDLC
_dBTCTA
_dUKM
_dYDXCP
_dC#P
_dBWX
_dDLC
_dEG-ScBUE
_beng
082 0 4 _a005.1
_222
_bPIC
100 1 _aPichler, Roman.
_938845
245 1 0 _aAgile product management with Scrum :
_bcreating products that customers love /
_cRoman Pichler.
260 _aUpper Saddle River :
_bAddison-Wesley,
_cc.2010.
300 _axxv, 133 p. :
_bill. ;
_c23 cm.
490 0 _aThe Addison-Wesley signature series
500 _aIndex : p. 125-133.
504 _aBibliography : p. 119-124.
505 0 _aUnderstanding the product owner role -- Envisioning the product -- Working with the product backlog -- Planning the release -- Collaborating in the sprint meetings -- Transitioning into the product owner role.
650 0 _aAgile software development.
_2BUEsh
650 0 _aScrum (Computer software development)
_2BUEsh
651 _2BUEsh
653 _bCOMSCI
_cAugust2015
_cDecember2015
942 _2ddc
999 _c20568
_d20540